00652nam a2200157 a 450000100100000000500170001000800410002704000250006808200140009324501300010726000560023730000370029370000350033095201120036599900170047700003652520200930075759.0120119s1986 cu a 000 0 spa d aDO-SdBNPbspacBNPHU axxxxbI1700aIconografía :bMáximo Gómez ; /cinvestigación y recopilación Jorge Gómez de Mello ; presentación Marta Arjona. aLa Habana :bEditorial de Ciencias Sociales,c1986. a148 p. :bils., retrs. ;c24 cm.1 aGómez de Mello, Jorge962774 001050718MOaGRbGRcCTd2012-01-19iLF1l0oxxxx I17p36526-10r2020-06-25w2020-06-25y1ZNo se presta c36016d36016